000 01048nam2a2200229 4500
001 rc\2987990
005 20260315071230.0
035 _a(NLR Aleph) 007207570
090 _a13630173
_c13630173
100 _a20110913d1940 u y0rusy50 ca
101 0 _arus
102 _aRU
105 _ay z |||||
200 1 _aБорьба со смерзаемостью навалочных грузов
210 _d1940
461 0 _1001rc\2987978
_12001#$aСборник трудов$eВып. 2-$fХарьк. ин-т инженеров ж. д. транспорта$vВып. 15
_97658745
_aХарьковский институт инженеров железнодорожного транспорта
_cХарьков
_d1934
_fХарьк. ин-т инженеров ж. д. транспорта
_nГос. науч.-техн. изд-во Украины
_oВып. 2-
_tСборник трудов
_vВып. 15
700 1 _aВейзер
_bВ.К.
801 0 _aRU
_bNLR
_gpsbo
801 1 _aRU
_bELAR
_2rusmarc
852 _aNLR
_j34-18/809
942 _cUNSPEC
980 _aNB